000 00435nam a2200157 i 4500
001 30265
003 ES-MaACL
007 t|
008 030124s1976 sp ||||1| spa d
100 1 _aBarraquer Bordas, L.
_925855
245 1 0 _aNeurología fundamental /
_cL. Barraquer Bordas.
250 _a3ª ed.
260 _a[Barcelona] :
_bToray,
_c[1976]
300 _aXXX, 1144 p. :
_bil. ;
_c26 cm.
852 _aES-MaACL
_jL-3266
_bR.104155
999 _c30265
_d30265